00513nam a2200193 a 4500001001300000003000900013005001700022008004100039020000900080082001500089100002100104245003800125260004700163300000900210500003500219505001700254650002700271700002100298nice12345678IN_TiNIC20260116012359.0050524s1983 mada grp 000 0 eng  ac1800a297.7bKHA aKhan, Mumtaz Ali aMass Conversion of Meenakshipuram aMadrasbChristian Literature Societyc1983 a169p aincludes index and biblioraphy2 aBibliography aIslam-Conversion-Group1 aKhan, Mumtaz Ali